Flag Close-Ups - Europe #1 - Statistics

General Stats
  • This quiz has been taken 64 times
  • The average score is 11 of 12
Answer Stats
Picture Answer % Correct
Greece
100%
Spain
100%
Norway
98%
Portugal
98%
United Kingdom
98%
Kosovo
91%
Luxembourg
91%
North Macedonia
91%
San Marino
91%
Slovakia
91%
Malta
87%
Moldova
83%
No matching quizzes found
Score Distribution
Percent of People with Each Score
Percentile by Number Answered
Your Score History
You have not taken this quiz